Aristote et les problèmes de méthode : (Record no. 149126)
[ view plain ]
| 000 -LEADER | |
|---|---|
| campo de control de longitud fija | 00948nam a2200241 i 4500 |
| 001 - NÚMERO DE CONTROL | |
| campo de control | 149126 |
| 003 - IDENTIFICADOR DE NÚMERO DE CONTROL | |
| campo de control | ES-MaACL |
| 005 - FECHA Y HORA DE LA ÚLTIMA TRANSACCIÓN | |
| campo de control | 20260104152443.0 |
| 007 - CAMPO FIJO DE DESCRIPCIÓN FÍSICA--INFORMACIÓN GENERAL | |
| campo de control de longitud fija | t| |
| 008 - DATOS DE LONGITUD FIJA--INFORMACIÓN GENERAL | |
| campo de control de longitud fija | 070214s1980 be |||| | mul d |
| 111 2# - ENTRADA PRINCIPAL--NOMBRE DE CONGRESO/REUNIÓN | |
| Nombre de congreso/reunión o jurisdicción como elemento de entrada | Symposium Aristotelicum |
| Número del congreso/reunión o número de parte o sección | (2º. |
| Fecha del congreso o de la firma del tratado | 1960. |
| Sede del congreso/Lugar de la reunión | Lovaina, Bélgica) |
| 9 (RLIN) | 174669 |
| 245 10 - MENCIÓN DEL TÍTULO | |
| Título | Aristote et les problèmes de méthode : |
| Resto del título | communications présentées au "Symposium Aristotelicum" tenu á Louvain, du 24 août au 1er septembre 1960. |
| 250 ## - MENCION DE EDICION | |
| Mención de edición | 2è éd. |
| 260 ## - PUBLICACIÓN, DISTRIBUCIÓN, ETC. | |
| Lugar de publicación, distribución, etc. | Louvain-la-Neuve : |
| Nombre del editor, distribuidor, etc. | Institut Supérieur de Philosophie, |
| Fecha de publicación, distribución, etc. | 1980. |
| 300 ## - DESCRIPCIÓN FÍSICA | |
| Extensión | 362 p. ; |
| Dimensiones | 24 cm. |
| 490 1# - MENCIÓN DE SERIE | |
| Mención de serie | Aristote: traductions et études |
| 546 ## - NOTA DE IDIOMA | |
| Nota de lengua/lenguaje | Texto en francés, inglés y alemán. |
| 600 04 - PUNTO DE ACCESO ADICIONAL DE MATERIA--NOMBRE DE PERSONA | |
| Nombre de persona | Aristóteles- |
| Subdivisión general | Crítica e interpretación. |
| 9 (RLIN) | 22862 |
| 710 2# - ENTRADA AGREGADA--NOMBRE DE ENTIDAD CORPORATIVA | |
| Nombre de entidad corporativa o nombre de jurisdicción como elemento de entrada | Institut Supérieur de Philosophie (Louvain) |
| 9 (RLIN) | 4772 |
| 830 1# - PUNTO DE ACCESO ADICIONAL DE SERIE-TÍTULO UNIFORME | |
| Título uniforme | Aristote: traductions et études |
| 9 (RLIN) | 184405 |
| 852 4# - LOCALIZACIÓN | |
| Ubicación | ES-MaACL |
| Número de control de estantería | L-11875 |
| Estatus retirado | Estado de pérdida | Estado de daño | No para préstamo | Biblioteca de origen | Biblioteca actual | Ubicación en estantería | Fecha de adquisición | Fuente de adquisición | Total de préstamos | Signatura topográfica completa | Código de barras | Visto por última vez | Precio de reemplazo | Tipo de ítem Koha |
|---|---|---|---|---|---|---|---|---|---|---|---|---|---|---|
| Biblioteca del Ateneo de Madrid | Biblioteca del Ateneo de Madrid | Depósito 2 | 17/01/2008 | L-11875 | 1155616 | 23/02/2023 | 23/02/2023 | Libro impreso |
